000 00760nam a2200253 a 4500
008
020 _a0750608536 (pbk. )
049 _aMAIN
090 _aNA2590
_bNEW
245 0 0 _aNew metric handbook /
_cedited by Patricia Tutt and David Adler.
260 _aOxford :
_bArchitectural Press,
_c1979.
300 _avi, 504 p. :
_bill., plans ;
_c30 cm.
500 _aIncludes index.
504 _aIncludes bibliographical references.
650 0 _aArchitecture.
650 _aArchitecture- Handbooks, manuals, etc.
700 1 _aTutt, Patricia.
700 1 _aAdler, David.
907 _a.b10018633
_b14-03-12
_c17-04-03
003
005 20230123133523.0
040 _cNUST
942 _cBOOKS
_kNA2590
_mNEW
999 _c150019
_d150019